| 000 | 01306nam a2200337Ia 4500 | ||
|---|---|---|---|
| 001 | ebr10150418 | ||
| 003 | CaPaEBR | ||
| 006 | m u | ||
| 007 | cr cn||||||||| | ||
| 008 | 050915s2006 nyuab sb 001 0 eng d | ||
| 010 | _z 2005054648 | ||
| 020 | _z1403983062 | ||
| 020 | _z1403965544 (alk. paper) | ||
| 024 | 3 | _z9781403965547 | |
| 040 |
_aCaPaEBR _cCaPaEBR |
||
| 035 | _a(OCoLC)567962708 | ||
| 050 | 1 | 4 |
_aUA928.5.W3 _bK89 2006eb |
| 082 | 0 | 4 |
_a363.3509753/09045 _222 |
| 100 | 1 |
_aKrugler, David F., _d1969- |
|
| 245 | 1 | 0 |
_aThis is only a test _h[electronic resource] : _bhow Washington, D.C. prepared for nuclear war / _cDavid F. Krugler. |
| 250 | _a1st ed. | ||
| 260 |
_aNew York : _bPalgrave Macmillan, _c2006. |
||
| 300 |
_axii, 248 p. : _bill., maps. |
||
| 504 | _aIncludes bibliographical references (p. [195]-238) and index. | ||
| 533 |
_aElectronic reproduction. _bPalo Alto, Calif. : _cebrary, _d2009. _nAvailable via World Wide Web. _nAccess may be limited to ebrary affiliated libraries. |
||
| 650 | 0 |
_aCivil defense _zWashington (D.C.) |
|
| 650 | 0 | _aNuclear warfare. | |
| 655 | 7 |
_aElectronic books. _2local |
|
| 710 | 2 | _aebrary, Inc. | |
| 856 | 4 | 0 |
_uhttp://site.ebrary.com/lib/rucke/Doc?id=10150418 _zAn electronic book accessible through the World Wide Web; click to view |
| 999 |
_c202871 _d202871 |
||